| 000 | 00864nam a2200265Ia 4500 | ||
|---|---|---|---|
| 003 | OSt | ||
| 005 | 20221005022732.0 | ||
| 006 | a|||||r|||| 00| 0 | ||
| 007 | ta | ||
| 008 | 221004b |||||||| |||| 00| 0 eng d | ||
| 020 |
_a902723891X _c5133.8 |
||
| 024 | _a85227 | ||
| 037 |
_b4296, 31/03/2006, Tausco Book Distributors _cTextual |
||
| 040 |
_aCRL _cCRL _beng |
||
| 041 |
_2eng _aeng |
||
| 082 | _aPv, P5 | ||
| 100 |
_aJohansson Sverker _9578565 |
||
| 245 | 0 |
_aOrigins of language _b Constraints on hypotheses |
|
| 260 |
_aAmsterdam _bJohn Benjamins Publishing Company Netherland _c2005 |
||
| 300 |
_a345p. _ccm. |
||
| 490 | _aConverging Evidence in Language and Communication Research, 5 | ||
| 650 | _aLINGUISTICS | ||
| 942 |
_hPv, P5 _cTEXL _2cc |
||
| 999 |
_c929950 _d929950 |
||